All Flags of the World with Feet - Statistics

General Stats
  • This quiz has been taken 29 times
  • The average score is 15 of 17
Answer Stats
Picture Answer % Correct
Albania
100%
Spain
100%
Mexico
96%
Egypt
93%
Sri Lanka
93%
Bhutan
89%
Montenegro
89%
Serbia
89%
Ecuador
85%
Fiji
85%
Malta
85%
Moldova
85%
Uganda
78%
Zambia
78%
Andorra
74%
Belize
70%
Dominica
70%
No matching quizzes found
Score Distribution
Percent of People with Each Score
Percentile by Number Answered
Your Score History
You have not taken this quiz